Further engineering mathematics : (Record no. 1224)
[ view plain ]
| 000 -LEADER | |
|---|---|
| fixed length control field | 01716nac a22002891i 4500 |
| 003 - CONTROL NUMBER IDENTIFIER | |
| control field | EG-ScBUE |
| 005 - DATE AND TIME OF LATEST TRANSACTION | |
| control field | 20240910115349.0 |
| 008 - FIXED-LENGTH DATA ELEMENTS--GENERAL INFORMATION | |
| fixed length control field | 240910s1996 enk f 001 0 eng d |
| 020 ## - INTERNATIONAL STANDARD BOOK NUMBER | |
| International Standard Book Number | 0333657411 |
| 020 ## - INTERNATIONAL STANDARD BOOK NUMBER | |
| International Standard Book Number | 9780333657416 |
| 040 ## - CATALOGING SOURCE | |
| Original cataloging agency | EG-ScBUE |
| Language of cataloging | eng |
| Description conventions | rda |
| Transcribing agency | EG-ScBUE |
| Modifying agency | EG-ScBUE |
| 082 04 - DEWEY DECIMAL CLASSIFICATION NUMBER | |
| Classification number | 510.2462 |
| Item number | STR |
| Edition number | 22 |
| 100 1# - MAIN ENTRY--PERSONAL NAME | |
| Personal name | Stroud, K. A., |
| Relator term | author. |
| 245 10 - TITLE STATEMENT | |
| Title | Further engineering mathematics : |
| Remainder of title | programs and problems / |
| Statement of responsibility, etc | Ken A. Stroud, formerly principle lecturer, Department of Mathematics, Coventry University. |
| 250 ## - EDITION STATEMENT | |
| Edition statement | Third edition. |
| 264 #1 - PUBLICATION, DISTRIBUTION, ETC. (IMPRINT) | |
| Place of publication, distribution, etc | Basingstoke : |
| Name of publisher, distributor, etc | Macmillan, |
| Date of publication, distribution, etc | 1996. |
| 300 ## - PHYSICAL DESCRIPTION | |
| Extent | 1088 pages ; |
| Dimensions | 22 cm |
| 336 ## - CONTENT TYPE | |
| Source | rdacontent |
| Content type term | text |
| Content type code | txt |
| 337 ## - MEDIA TYPE | |
| Media type term | unmediated |
| Source | rdamedia |
| Media type code | n |
| 338 ## - CARRIER TYPE | |
| Carrier type term | volume |
| Carrier type code | nc |
| Source | rdacarrier |
| 500 ## - GENERAL NOTE | |
| General note | 'The essential engineer's reference book.' - Mr H. Cawte, Department of Mechanical and Manufacturing Engineering, University of Portsmouth |
| 500 ## - GENERAL NOTE | |
| General note | Includes index. |
| 505 ## - FORMATTED CONTENTS NOTE | |
| Formatted contents note | Theory of Equations Part 1 - Theory of Equations Part 2 - Partial Differentiation - Integral Functions - Power Series Solution of Differential Equations - Numerical Solution of Differential Equations - Laplace Transforms Part 1 - Laplace Transforms Part 2 - Multiple Integrals Part 1 - Multiple Integrals Part 2 - Matrix Algebra - Vector Analysis Part 1 - Vector Analysis Part 2 - Vector Analysis Part 3 - Complex Variable Part 1 - Complex Variable Part 2 - Fourier Series - Numerical Harmonic Analysis - Partial Differential Equations - Linear Optimisation (Linear Programming - Appendix (Proofs and Theorems) - Answers - Index |
| 650 #7 - SUBJECT ADDED ENTRY--TOPICAL TERM | |
| Topical term or geographic name as entry element | Engineering mathematics |
| General subdivision | Programmed instruction. |
| Source of heading or term | BUEsh |
| 655 ## - INDEX TERM--GENRE/FORM | |
| Form subdivision | Reading book |
| 942 ## - ADDED ENTRY ELEMENTS (KOHA) | |
| Koha item type | Book - Borrowing |
| Source of classification or shelving scheme | Dewey Decimal Classification |
| Withdrawn status | Lost status | Source of classification or shelving scheme | Damaged status | Not for loan | Collection code | Home library | Current library | Shelving location | Date acquired | Source of acquisition | Cost, normal purchase price | Total Checkouts | Full call number | Barcode | Date last seen | Cost, replacement price | Price effective from | Koha item type |
|---|---|---|---|---|---|---|---|---|---|---|---|---|---|---|---|---|---|---|
| Dewey Decimal Classification | Alahram | Central Library | Central Library | First floor | 29/08/2006 | Purchase | 180.00 | 510.2462 STR | 000003263 | 15/07/2025 | 225.00 | 29/08/2006 | Book - Borrowing |